[Event "Challenge"]
[Site "http://www.queenalice.com/game.php?id=430279"]
[Date "2008.7.9"]
[Round "-"]
[White "paulorossy"]
[Black "klebert_jordan"]
[Result "0-1"]
[WhiteElo "1072"]
[BlackElo "1439"]

1. c4 e5 2. e4 d6 3. Qe2 Nc6 4. a4 Nb4 5. f3 Nc2+ 6. Kd1 Nxa1 7. Qe3 Qd7 8. Qa3
Qc6 9. Qxa1 Qc5 10. Qa3 Qf2 11. Qe3 Qxf1+ 12. Qe1 Qxg2 13. Qe2 Qxh1 14. Qf2 Bh3
15. Qg3 Bg2 16. d3 Qxg1+ 17. Kd2 Qf1 18. Qg4 Qf2+ 19. Kd1 Bxf3+ 20. Qxf3 Qxf3+
21. Ke1 Qxd3 0-1

[Event "08 x 05 "]
[Site "http://www.queenalice.com/game.php?id=432624"]
[Date "2008.7.13"]
[Round "-"]
[White "Lx"]
[Black "klebert_jordan"]
[Result "1-0"]
[WhiteElo "1487"]
[BlackElo "1508"]

1. e4 e5 2. Nc3 d6 3. d4 Nc6 4. d5 Nb4 5. Be3 Be7 6. a3 Na6 7. Nb5 Nf6 8. Bd3
O-O 9. Nf3 Bg4 10. O-O Bxf3 11. Qxf3 Qd7 12. h3 c6 13. Nxa7 cxd5 14. exd5 Nc7
15. Qf5 Qd8 16. Bg5 Ncxd5 17. Bxf6 Nxf6 18. Nb5 Qb6 19. Nc3 Qxb2 20. Nd5 g6 21.
Nxf6+ Kh8 22. Qf3 Kg7 23. Ng4 f5 24. Ne3 Rf7 25. Rab1 Qa2 26. Bc4 Qxa3 27. Bxf7
Kxf7 28. Qxb7 Rf8 29. Nd5 Re8 30. Ra1 Qc5 31. Ra8 Rxa8 32. Qxa8 Qxc2 33. Qb7 Qa4
34. Qxe7+ Kg8 35. Nf6+ Kh8 36. Qf8# 1-0

[Event "Challenge"]
[Site "http://www.queenalice.com/game.php?id=432635"]
[Date "2008.7.13"]
[Round "-"]
[White "PedroIvo"]
[Black "klebert_jordan"]
[Result "1-0"]
[WhiteElo "1268"]
[BlackElo "1463"]

1. e4 e5 2. Nf3 d6 3. Bc4 Nf6 4. Nc3 Bg4 5. h3 Bc8 6. d4 exd4 7. Nxd4 Be7 8. Bf4
c5 9. Nf5 Bxf5 10. exf5 O-O 11. O-O Nc6 12. Re1 Re8 13. Qf3 Nd4 14. Qd3 Qb6 15.
b3 Qc7 16. Re3 a6 17. Rae1 b5 18. Nd5 Nxd5 19. Bxd5 Rab8 20. c3 Nc6 21. Bxc6
Qxc6 22. Rxe7 Rxe7 23. Rxe7 Rf8 24. Qe3 Qc8 25. Bxd6 Qxf5 26. Re5 f6 27. Rxf5
1-0

[Event "Challenge"]
[Site "http://www.queenalice.com/game.php?id=432994"]
[Date "2008.7.14"]
[Round "-"]
[White "llina"]
[Black "klebert_jordan"]
[Result "1-0"]
[WhiteElo "1488"]
[BlackElo "1515"]

1. Nf3 e6 2. g3 d6 3. Bg2 e5 4. e4 Nc6 5. d4 exd4 6. Nxd4 Nxd4 7. Qxd4 Nf6 8. e5
dxe5 9. Qxe5+ Be6 10. Bxb7 Bd6 11. Qb5+ Bd7 12. Qe2+ Kf8 13. Bxa8 Qxa8 14. Rf1
Bb4+ 15. c3 Be7 16. Bf4 Qg2 17. Bxc7 Qxh2 18. Nd2 Bh3 19. O-O-O Bxf1 20. Nxf1
Qh6+ 21. f4 Qh5 22. Qa6 Qc5 23. Bd8 Nd5 24. Qb7 Bxd8 25. Rxd5 Qc7 26. Qxc7 Bxc7
27. Rd7 g6 28. Rxc7 Kg7 29. Rxa7 Re8 30. Nh2 h5 31. Kd2 Rd8+ 32. Ke3 Rd1 33. Nf3
Rd6 34. Ne5 Re6 35. Rxf7+ Kh6 36. Kf3 g5 37. Nd7 gxf4 38. gxf4 Rg6 39. f5 Rg4
40. Ne5 Rg5 41. Kf4 h4 42. Rf6+ Kh5 43. Nf7 Rg4+ 44. Ke5 Rg3 45. Kf4 Rg4+ 46.
Ke5 Rc4 47. Rg6 h3 48. Rg1 Rg4 49. Rh1 Kh4 50. f6 Rg2 51. Nh6 Kg3 52. f7 Rf2 53.
Nf5+ Kg2 54. Rxh3 Kxh3 55. f8=Q Rxb2 56. a4 Rb3 57. Qc8 Kg4 58. Ne3+ Kf3 59. Kd4
Ke2 60. Qc4+ Kd2 61. Qxb3 Ke2 62. a5 Kf3 63. a6 Kf4 64. a7 Kf3 65. Qd5+ Ke2 66.
a8=Q Kf2 67. Qg2+ Ke1 68. Qa1# 1-0

[Event "Challenge"]
[Site "http://www.queenalice.com/game.php?id=432997"]
[Date "2008.7.14"]
[Round "-"]
[White "Gadou"]
[Black "klebert_jordan"]
[Result "0-1"]
[WhiteElo "1413"]
[BlackElo "1470"]

1. e4 e5 2. Bc4 d6 3. b4 Nf6 4. c3 Nxe4 5. Qf3 Nf6 6. Ne2 c6 7. O-O Bg4 8. Qg3
Bxe2 9. Bxe2 Ne4 10. Qe3 Nf6 11. d4 Nd5 12. Qe4 Nd7 13. g3 N7f6 14. Qf3 exd4 15.
Bb2 dxc3 16. Bxc3 Be7 17. Nd2 O-O 18. Rae1 Nxc3 19. Qxc3 Nd5 20. Qd4 Bf6 21. Qg4
Nc3 22. Bf3 Nxa2 23. Re3 Qb6 24. Rb1 Nc3 25. Rxc3 Bxc3 26. Nf1 Bf6 27. Ne3 Qd8
28. Re1 Re8 29. Kf1 Bc3 30. Rd1 Qe7 31. Nf5 Qf6 32. b5 cxb5 33. Rxd6 Re6 34. Rd7
Rd8 35. Rxb7 Re1+ 36. Kg2 Re5 37. Rxf7 Qxf7 38. Nh6+ Kf8 39. Nxf7 Kxf7 40. Qf4+
Kg8 41. Be4 Rf8 42. Qh4 g6 43. Bc2 a5 44. f4 Re2+ 45. Kh3 Rxc2 46. Qe7 b4 47.
Qe6+ Kg7 48. Qb3 Rb2 49. g4 Rxb3 50. Kh4 a4 51. f5 gxf5 52. h3 fxg4 0-1

[Event "Challenge"]
[Site "http://www.queenalice.com/game.php?id=432998"]
[Date "2008.7.14"]
[Round "-"]
[White "xadrezpetry"]
[Black "klebert_jordan"]
[Result "0-1"]
[WhiteElo "1436"]
[BlackElo "1481"]

1. e4 e5 2. Qh5 d6 3. Nf3 Nf6 4. Qh4 Nc6 5. Nc3 Nb4 6. Bd3 Bg4 7. a3 Nc6 8. h3
Bxf3 9. gxf3 Nd4 10. Nd5 Nxf3+ 11. Ke2 Nxh4 12. Rg1 Nxd5 13. exd5 Qf6 14. Be4
Qh6 15. d3 Qf6 16. Bg5 Qf4 17. Bxf4 exf4 18. f3 f5 19. Bxf5 Nxf5 20. Rg4 Nd4+
21. Kf2 Nxc2 22. Rc1 Ne3 23. Rxf4 Nxd5 24. Re1+ Be7 25. b4 O-O-O 26. Rf7 Bh4+
27. Ke2 Bxe1 28. Kxe1 g6 29. Ke2 Nf4+ 30. Rxf4 Rde8+ 31. Kd2 Rhf8 32. Rh4 Rxf3
33. Rxh7 Rf2+ 34. Kc3 g5 35. Rg7 Rh2 36. Rxg5 Rxh3 37. a4 b6 38. b5 a5 39. bxa6
Kb8 40. a5 bxa5 41. Rxa5 Ka7 42. Kc4 c5 43. d4 Rh4 44. Kd5 Rxd4+ 45. Kc6 Rb8 46.
Rxc5 dxc5 47. Kxc5 Rdb4 0-1

[Event "Challenge"]
[Site "http://www.queenalice.com/game.php?id=432999"]
[Date "2008.7.14"]
[Round "-"]
[White "RicardoFialho"]
[Black "klebert_jordan"]
[Result "0-1"]
[WhiteElo "1755"]
[BlackElo "1481"]

1. e4 e5 2. Nf3 d6 3. h3 Nf6 4. Nc3 Be7 5. Bc4 O-O 6. d3 Nc6 7. a3 Be6 8. Bxe6
fxe6 9. O-O d5 10. exd5 exd5 11. Re1 d4 12. Ne4 Re8 13. Bd2 Nxe4 14. Rxe4 Bf6
15. Qc1 Qd5 16. Bg5 Rf8 17. Qd2 h6 18. Bxf6 Rxf6 19. Qe2 Re8 20. Re1 b5 21. Nxe5
Rfe6 22. f4 Nxe5 23. Rxe5 Rxe5 24. fxe5 Qa2 25. c3 dxc3 26. bxc3 Qxa3 27. Qd2
Qc5+ 28. d4 Qd5 29. Qb2 a5 30. Rd1 a4 31. Qb4 c6 32. Kh1 Re6 33. Rf1 Rg6 34.
Qf8+ Kh7 35. Rf3 Qe4 36. Qb4 Qe2 37. g4 Qd1+ 38. Kg2 Qe2+ 39. Kg3 h5 40. Qe7
Qe1+ 41. Kg2 h4 42. Qd8 Qe2+ 43. Rf2 Qe4+ 44. Kg1 Qe1+ 45. Kg2 Qxc3 46. Qxh4+
Rh6 47. Qd8 Qxh3+ 48. Kg1 Qh1# 0-1

[Event "08 x 06"]
[Site "http://www.queenalice.com/game.php?id=436441"]
[Date "2008.7.21"]
[Round "-"]
[White "Lx"]
[Black "klebert_jordan"]
[Result "1-0"]
[WhiteElo "1510"]
[BlackElo "1493"]

1. e4 e5 2. Nc3 d6 3. d4 Nc6 4. b3 Qf6 5. d5 Nb8 6. Nf3 Bg4 7. Bg5 Qg6 8. h4
Bxf3 9. Qxf3 f6 10. Be3 Be7 11. h5 Qf7 12. Qf5 Nd7 13. Bb5 Rd8 14. Bxa7 b6 15.
Na4 Nh6 16. Qe6 Qxh5 17. Rxh5 g6 18. Rxh6 1-0

[Event "Challenge"]
[Site "http://www.queenalice.com/game.php?id=437257"]
[Date "2008.7.22"]
[Round "-"]
[White "SGF"]
[Black "klebert_jordan"]
[Result "1-0"]
[WhiteElo "1671"]
[BlackElo "1478"]

1. e4 e5 2. Qf3 d6 3. Bc4 Nf6 4. d3 Bg4 5. Qg3 Nc6 6. Bg5 Bd7 7. c3 h6 8. Bxf6
gxf6 9. Qh4 Na5 10. Bd5 c6 11. Bb3 Be6 12. Bxe6 fxe6 13. b4 Rg8 14. bxa5 Rxg2
15. Qh3 Rg5 16. Nf3 Rg6 17. Nh4 Rg5 18. Qxe6+ Qe7 19. Qh3 Rh5 20. Rg1 f5 21.
Nxf5 Rxh3 22. Nxe7 Bxe7 23. Rg8+ Bf8 24. Na3 Rxd3 25. Nc4 O-O-O 26. Rc1 Rh3 27.
Rd1 Rxc3 28. Nxd6+ Kc7 29. Nb5+ cxb5 30. Rxd8 Kxd8 31. Rxf8+ Kc7 32. Rf7+ Kc6
33. Rf6+ Kc7 34. Rxh6 Ra3 35. Re6 Rxa2 36. Rxe5 Rxa5 37. h4 Ra1+ 38. Ke2 b4 39.
Rb5 Rb1 40. h5 b3 41. h6 b2 42. h7 Rh1 43. Rxb2 Rxh7 44. Ke3 Re7 45. f4 Kd6 46.
e5+ Kd5 47. Rd2+ Ke6 48. Ke4 Kf7 49. f5 Re6 50. Rd7+ Re7 51. e6+ Kf6 52. Kd5 a5
53. Kd6 a4 54. Rxe7 a3 55. Rxb7 a2 56. Ra7 a1=Q 57. Rxa1 Kxf5 58. e7 Ke4 59.
e8=Q+ 1-0

[Event "Challenge"]
[Site "http://www.queenalice.com/game.php?id=439101"]
[Date "2008.7.26"]
[Round "-"]
[White "MASTROIANNI"]
[Black "klebert_jordan"]
[Result "1-0"]
[WhiteElo "1666"]
[BlackElo "1429"]

1. e4 e5 2. Nf3 d6 3. Bc4 Nf6 4. d3 Bg4 5. h3 Bxf3 6. Qxf3 Nc6 7. g4 Nd4 8. Qd1
b5 9. Bb3 a5 10. c3 Nc6 11. Qf3 a4 12. Bc2 Ne7 13. b3 axb3 14. Bxb3 c5 15. g5
Nd7 16. Qxf7# 1-0

[Event "Challenge"]
[Site "http://www.queenalice.com/game.php?id=439111"]
[Date "2008.7.26"]
[Round "-"]
[White "Feu"]
[Black "klebert_jordan"]
[Result "1-0"]
[WhiteElo "1597"]
[BlackElo "1439"]

1. e4 e5 2. c3 d6 3. d3 Be7 4. Nf3 Bg4 5. Nbd2 Bxf3 6. Nxf3 Nf6 7. h3 c5 8. Qb3
b6 9. Qb5+ Nbd7 10. Be2 O-O 11. Nh2 a6 12. Qb3 Qe8 13. Ng4 Nh5 14. Nxe5 Nxe5 15.
O-O b5 16. Qc2 Nf6 17. Bf4 Nc6 18. Bf3 Ra7 19. Rfe1 Nd8 20. e5 d5 21. exf6 gxf6
22. Bh6 Ne6 23. Bxf8 Nxf8 24. Bxd5 Ng6 25. Qd2 Rd7 26. Be4 c4 27. Qe3 cxd3 28.
Bxd3 Ne5 29. Qg3+ Ng6 30. Bxg6 fxg6 31. Qf3 Rd6 32. Qb7 Kg7 33. Rxe7+ Kf8 34.
Rxe8+ Kxe8 35. Re1+ Kd8 36. Qe7+ 1-0

[Event "Challenge"]
[Site "http://www.queenalice.com/game.php?id=439610"]
[Date "2008.7.27"]
[Round "-"]
[White "ousado"]
[Black "klebert_jordan"]
[Result "1-0"]
[WhiteElo "1534"]
[BlackElo "1441"]

1. e4 e5 2. Nf3 d6 3. Bc4 Nf6 4. d3 Bg4 5. Bg5 h6 6. Bh4 Bxf3 7. Qxf3 Nc6 8.
Bxf6 gxf6 9. Nc3 Nb4 10. O-O-O c5 11. a3 Nc6 12. Nd5 Bg7 13. Qg4 O-O 14. h4 Nd4
15. c3 Ne6 16. Rh3 Nf4 17. Rg3 Ng6 18. h5 Kh8 19. hxg6 fxg6 20. Qxg6 Rg8 21. Rh1
Rc8 22. Qxh6+ Bxh6+ 23. Rxh6# 1-0

[Event "qdo será???"]
[Site "http://www.queenalice.com/game.php?id=439996"]
[Date "2008.7.28"]
[Round "-"]
[White "SueliFigueira"]
[Black "klebert_jordan"]
[Result "0-1"]
[WhiteElo "1304"]
[BlackElo "1459"]

1. e4 e5 2. d3 d6 3. Nf3 Nf6 4. Bg5 Bg4 5. h4 Bxf3 6. gxf3 Qd7 7. Bh3 Qb5 8. Qd2
Qxb2 9. c3 Qxa1 10. Qc2 Nfd7 11. Qa4 Qxb1+ 12. Qd1 Qxa2 13. f4 f6 14. Qh5+ g6
15. Qe2 fxg5 16. Qxa2 exf4 17. O-O Ne5 18. Qa4+ Nbc6 19. Rb1 Nxd3 20. Rxb7 Ne5
21. Rxc7 Rd8 22. Rxc6 Nxc6 23. Qxc6+ Ke7 24. Qc7+ Ke8 25. Qxa7 gxh4 26. Qa4+ Kf7
27. Qd4 Bg7 28. Qd5+ Kf8 29. c4 Be5 30. Qe6 Re8 31. Qd7 Re7 32. Qg4 Kg7 33. Qxh4
Rf7 34. f3 Bf6 35. Qxf4 Bd4+ 36. Kg2 Rxf4 37. Kf1 Rxf3+ 38. Kg2 Rhf8 39. Bg4
R3f4 40. Bh3 Rxe4 41. Kg3 Be5+ 42. Kg2 Rxc4 43. Be6 Rc3 44. Bf5 Rxf5 45. Kg1
Rff3 46. Kg2 Rg3+ 47. Kh2 Rg2+ 48. Kh1 Rd2 49. Kg1 Rc1# 0-1

[Event "04 x 03"]
[Site "http://www.queenalice.com/game.php?id=440076"]
[Date "2008.7.28"]
[Round "-"]
[White "llina"]
[Black "klebert_jordan"]
[Result "1-0"]
[WhiteElo "1552"]
[BlackElo "1484"]

1. e4 e5 2. Nf3 d6 3. h3 Nf6 4. d4 Nxe4 5. dxe5 Be7 6. Bd3 Nc5 7. Be3 Ne6 8. Be4
Bf8 9. O-O Qe7 10. Qd3 dxe5 11. Nxe5 f6 12. Ng4 Nd7 13. Qd5 c6 14. Qh5+ Kd8 15.
f4 g6 16. Bxg6 Ng7 17. Qh4 Nf5 18. Bxf5 b6 19. Rd1 Qb4 20. b3 Bc5 21. Qxf6+ Be7
22. Qxh8+ Kc7 23. Bxd7 Bb7 24. Qe5+ Bd6 25. Qg7 Qe4 26. Be6+ Kb8 27. Qg8+ Kc7
28. Qf7+ Kb8 29. Qe8+ Kc7 30. Qd7+ Kb8 31. Qxd6# 1-0

[Event "08 x 07 [Tá quase!]"]
[Site "http://www.queenalice.com/game.php?id=441976"]
[Date "2008.8.1"]
[Round "-"]
[White "Lx"]
[Black "klebert_jordan"]
[Result "0-1"]
[WhiteElo "1525"]
[BlackElo "1462"]

1. e4 e5 2. Nc3 d6 3. d4 Nd7 4. d5 a6 5. b4 b5 6. Nf3 f6 7. Nh4 Nb6 8. Qh5+ Kd7
9. Ng6 hxg6 10. Qxh8 Nh6 11. Qh7 g5 12. Nxb5 axb5 13. Bxb5+ Ke7 14. O-O Bd7 15.
Bc6 Bxc6 16. dxc6 Qe8 17. b5 Ra5 18. Rb1 Rxa2 19. Rb2 Ra4 20. c3 Kf7 21. Rd1 Ra1
22. h3 Na4 23. Rb3 Nb6 24. Ra3 Rb1 25. g3 Rxb5 26. f4 Qe6 27. f5 Qc4 28. Bxg5
Qc5+ 29. Kg2 Qxa3 30. Bxh6 Qxc3 31. Qg6+ Kg8 32. Bd2 Qxc6 33. Kh2 Qxe4 34. Rc1
Nd5 35. Ra1 Qe2+ 36. Kg1 Qxd2 37. Ra8 Rb1# 0-1

[Event "Challenge"]
[Site "http://www.queenalice.com/game.php?id=442163"]
[Date "2008.8.1"]
[Round "-"]
[White "Brunao"]
[Black "klebert_jordan"]
[Result "1-0"]
[WhiteElo "1455"]
[BlackElo "1491"]

1. d4 e6 2. h4 d6 3. e3 d5 4. Nc3 Nf6 5. f3 Nh5 6. Nge2 Bb4 7. a3 Bxc3+ 8. Nxc3
O-O 9. Rg1 Qxh4+ 10. Ke2 Qh2 11. Kf2 Nc6 12. e4 dxe4 13. Nxe4 Qh4+ 14. g3 Qe7
15. Qd3 b6 16. Ng5 Nf6 17. Rh1 Bb7 18. Nxh7 g6 19. Bg5 Rfc8 20. Nxf6+ Kg7 21.
Rh7+ Kf8 22. Be2 Rd8 23. Rah1 Qxf6 24. Bxf6 Ke8 25. d5 exd5 26. f4 Bc8 27. Bxd8
Nxd8 28. Qxd5 Be6 29. Qg5 c6 30. Rd1 Bd5 31. c4 Be6 32. Rh8# 1-0

[Event "01 x 00"]
[Site "http://www.queenalice.com/game.php?id=442181"]
[Date "2008.8.1"]
[Round "-"]
[White "Gadou"]
[Black "klebert_jordan"]
[Result "0-1"]
[WhiteElo "1366"]
[BlackElo "1469"]

1. e4 e5 2. Bc4 Nh6 3. Qf3 d6 4. d3 Qe7 5. Bxh6 gxh6 6. Bxf7+ Qxf7 7. Qxf7+ Kxf7
8. Nc3 Nd7 9. Nf3 Be7 10. O-O Ke8 11. b4 Nf6 12. Nb5 Kd8 13. Nh4 Bd7 14. a4 Bxb5
15. c4 Bd7 16. Rad1 Bxa4 17. Ra1 Bd7 18. f4 Ng4 19. fxe5 dxe5 20. Rf3 Bxh4 21.
g3 Bg5 22. h4 Be7 23. c5 Bb5 24. Rd1 Ke8 25. Kg2 Rd8 26. Kh3 h5 27. c6 Bxc6 28.
Rdf1 Bxb4 29. Rf5 Bd6 30. Rxh5 Bd7 31. Rg5 Ne3+ 32. Kh2 Nxf1+ 33. Kg2 Ne3+ 34.
Kf2 Ng4+ 35. Kg2 a5 36. d4 a4 37. dxe5 Bxe5 38. h5 a3 39. Kf3 a2 0-1

[Event "Challenge"]
[Site "http://www.queenalice.com/game.php?id=442830"]
[Date "2008.8.2"]
[Round "-"]
[White "SGF"]
[Black "klebert_jordan"]
[Result "1-0"]
[WhiteElo "1754"]
[BlackElo "1463"]

1. e4 e5 2. Qh5 d6 3. Bc4 Nh6 4. d3 g6 5. Qf3 Qe7 6. Bxh6 Bxh6 7. Nc3 c6 8. Nge2
Be6 9. Bxe6 Qxe6 10. Qh3 g5 11. Qxe6+ fxe6 12. O-O Na6 13. a3 O-O-O 14. Ng3 Nc5
15. b4 Nd7 16. a4 a6 17. b5 axb5 18. axb5 c5 19. Rfb1 Kc7 20. Ra7 Rb8 21. Rba1
Nb6 22. Nh5 Rhc8 23. Nf6 Ra8 24. Rxa8 Nxa8 25. Nxh7 g4 26. Nf6 Bd2 27. Ne2 Bg5
28. Nxg4 Bd2 29. c4 Nb6 30. h4 Nd7 31. f3 Bc3 32. Nxc3 b6 33. Ra7+ Kd8 34. Nh6
Ke7 35. g4 Rd8 36. g5 Kf8 37. g6 Kg7 38. Nf7 Rh8 39. Nxh8 1-0

[Event "02 x 00"]
[Site "http://www.queenalice.com/game.php?id=456370"]
[Date "2008.8.31"]
[Round "-"]
[White "Gadou"]
[Black "klebert_jordan"]
[Result "1-0"]
[WhiteElo "1334"]
[BlackElo "1497"]

1. e4 e5 2. Qh5 Qe7 3. Bc4 Nh6 4. d3 d6 5. Nc3 Nc6 6. Nd5 Qd7 7. Bxh6 gxh6 8.
Nf6+ Kd8 9. Nxd7 Bxd7 10. Qxf7 Nd4 11. O-O-O Be8 12. Qf6+ Be7 13. Qxh8 b5 14.
Bf7 Kd7 15. Qxh7 Bxf7 16. Qxf7 Rf8 17. Qg7 Rxf2 18. Re1 Rxc2+ 19. Kb1 h5 20. Nf3
Rf2 21. Nxd4 exd4 22. Qxd4 Rxg2 23. Qxa7 Bf6 24. d4 Bh4 25. Ref1 Bf2 26. a4 b4
27. Rxf2 Rxf2 28. e5 dxe5 29. dxe5 Re2 30. Qd4+ Ke6 31. Qc4+ 1-0

[Event "Entao vc joga basquete?!?"]
[Site "http://www.queenalice.com/game.php?id=468840"]
[Date "2008.9.26"]
[Round "-"]
[White "superhomem222"]
[Black "klebert_jordan"]
[Result "1-0"]
[WhiteElo "1479"]
[BlackElo "1460"]

1. b3 e5 2. Bb2 Nc6 3. a3 Bc5 4. e3 Nf6 5. h3 O-O 6. g3 d6 7. d3 Ne7 8. Bg2 a6
9. e4 c6 10. b4 Bb6 11. a4 Bc7 12. g4 Be6 13. c4 b6 14. g5 Nd7 15. Nc3 Ng6 16.
Bf3 1-0